Welcome to the Holygrace Academy Library

Please use search bar below to get started

CAREER GUIDANCE AND COUNSELLING (Record no. 5622)

MARC details
000 -LEADER
fixed length control field 00318nam a22001337a 4500
020 ## - INTERNATIONAL STANDARD BOOK NUMBER
ISBN 81-7391-745-0
082 ## - DEWEY DECIMAL CLASSIFICATION NUMBER
Classification number 158
Item number SHA/C
100 ## - MAIN ENTRY--AUTHOR NAME
Personal name SHARMA, SHASHI PRABHA
245 ## - TITLE STATEMENT
Title CAREER GUIDANCE AND COUNSELLING
260 ## - PUBLICATION, DISTRIBUTION, ETC. (IMPRINT)
Place of publication DELHI
Name of publisher KANISHKA PUBLISHERS
Year of publication 2005
300 ## - PHYSICAL DESCRIPTION
Number of Pages 430
650 ## - SUBJECT ADDED ENTRY--TOPICAL TERM
Topical Term PSYCHOLOGY
Geographic subdivision INDIA
942 ## - ADDED ENTRY ELEMENTS (KOHA)
Koha item type Books
Holdings
Withdrawn status Lost status Collection code Home library Current library Shelving location Date acquired Source of acquisition Cost, normal purchase price Full call number Accession Number Koha item type
    Reference Main Library Main Library SHELF 15E--PSYCHOLOGY,JOKES 02/03/2006 purchase 225.00 158 SHA/C 02066 Books